Environmental information : agencywide policies and procedures are needed for EPA's information dissemination : report to congressional committees /

Bibliographic Details
Corporate Author: United States. General Accounting Office
Format: Government Document Microform Book
Language:English
Published: Washington, D.C. (P.O. Box 37050, Washington 20013) : The Office, [1998]
Subjects:
Online Access:Adobe Acrobat Reader required

MARC

Tag First Indicator Second Indicator Subfields
LEADER 00000cam a2200000 a 4500
001 in00000006137
007 he bmb024bbca
008 990823s1998 dcu bb f000 0 eng c
005 20230331144436.1
035 |a (OCoLC)ocm44144178 
035 |9 AJK1343AM 
035 |a in00000006137 
037 |a 161181  |b GAO (202) 512-6000 (Voice); (202) 512-6061 (Fax)  |f paper copy 
040 |a CUT  |c CUT  |d SPI  |d GPO  |d DLC  |d MvI  |d UtOrBLW 
042 |a pcc 
043 |a n-us--- 
049 |a UMIC 
050 0 0 |a GE30.5.U6  |b E58 1998 
074 |a 0546-D (MF) 
074 |a 0546-D (online) 
086 0 |a GA 1.13:RCED-98-245 
088 |a GAO/RCED-98-245 
088 |a B-280580 
110 1 |a United States.  |b General Accounting Office. 
245 1 0 |a Environmental information :  |b agencywide policies and procedures are needed for EPA's information dissemination : report to congressional committees /  |c United States General Accounting Office. 
246 3 0 |a Agencywide policies and procedures are needed for EPA's information dissemination 
264 1 |a Washington, D.C. (P.O. Box 37050, Washington 20013) :  |b The Office,  |c [1998] 
300 |a 28 pages ;  |c 28 cm. 
336 |a text  |b txt  |2 rdacontent 
337 |a microform  |b h  |2 rdamedia 
338 |a microfiche  |b he  |2 rdacarrier 
500 |a Cover title. 
500 |a "September 1998." 
500 |a Shipping List Date: 07/26/99 
504 |a Includes bibliographical references. 
500 |a "GAO/RCED-98-245." 
500 |a "B-280580"--P. 1. 
533 |a Microfiche.  |b [Washington, D.C.] :  |c U.S. General Accounting Office,  |d [1999]  |e 1 microfiche : negative. 
530 |a Also available via Internet from the GPO Access Web site. Address as of 4-13-01: http://frwebgate.access.gpo.gov/cgi-bin/getdoc.cgi?dbname=gao&docid=f:rc98245.pdf; current access is available via PURL. 
500 |a Microform. 
650 0 |a Environmental sciences  |z United States  |x Information services  |x Evaluation. 
610 1 0 |a United States.  |b Environmental Protection Agency. 
856 4 1 |u https://purl.fdlp.gov/GPO/LPS11072  |z Adobe Acrobat Reader required  |t 0 
999 |a MARS 
999 f f |i e36b184c-07f7-391a-8604-ba0150acbffa  |s b5ad7c95-7e1f-33bb-af6e-7c274275ead8  |t 0 
952 f f |p normal  |a Texas A&M University  |b College Station  |c Sterling C. Evans Library  |d Evans: US Documents Microfiche (3rd floor)  |t 0  |e GA 1.13:RCED-98-245  |h Superintendent of Documents classification  |i microform -- microfiche  |m A14829110340 
952 f f |a Texas A&M University  |b College Station  |c Electronic Resources  |d Available Online  |t 0  |e GA 1.13:RCED-98-245  |h Superintendent of Documents classification 
998 f f |a GA 1.13:RCED-98-245  |t 0  |l Evans: US Documents Microfiche (3rd floor) 
998 f f |a GA 1.13:RCED-98-245  |t 0  |l Available Online